000 00401nam a22001577a 4500
003 NUST - PNEC
005 20170116181143.0
008 151008b xxu||||| |||| 00| 0 eng d
040 _cLIBRARY
082 _a901 MEH
100 _914817
_aMeher, Ghulam Rasool
245 _aMutala eTareekh
_cGhulam Rasool Meher (Tr)
260 _c2002
650 _911823
_aHistory of the world
942 _2ddc
_cBK
999 _c70584
_d70584